00388 2200157 4500001002100000008004100021035002000062245002800082100001600110260002600126300002200152020002200174084001400196082000800210990001200218INLIS000000000002797 IND  a0010-0925000144 aDear AmaracNaomi Orein aNaomi Orein aJakartabNuansac2016 a160c(13 x 19 cm) a978-602-6409-10-2 a813 NAO d a813 a0755019